| 000 | 00869nam a2200253Ia 4500 | ||
|---|---|---|---|
| 003 | OSt | ||
| 005 | 20220923212449.0 | ||
| 006 | a|||||r|||| 00| 0 | ||
| 007 | ta | ||
| 008 | 220922b |||||||| |||| 00| 0 hin d | ||
| 024 | _a153,222 | ||
| 037 | _cTextual | ||
| 040 |
_aARTS _cARTS _bhin |
||
| 041 |
_2hin _ahin |
||
| 082 | _aO143,1N35x, 152L8 | ||
| 100 | _aलेवचेव, ल्युबोमीर | ||
| 245 | 0 | _aमुर्गायुद्व व अन्य कविताए | |
| 246 | _aMurgāyudva v anya kavitāe | ||
| 260 |
_aनई दिल्ली _b समकालीन प्रकाशन _c1978 |
||
| 300 |
_a34 पृ. _ccm. |
||
| 650 | _aबुल्गारियन कविता | ||
| 942 |
_hO143,1N35x, 152L8 _cTEXL _2CC |
||
| 999 |
_c308869 _d308869 |
||